[Event "Lugano Open-10"]
[Site "Lugano"]
[Date "1985.03.??"]
[Round "5"]
[White "Rigo, Janos"]
[Black "Nunn, John DM"]
[Result "0-1"]
[WhiteElo "2340"]
[BlackElo "2615"]
[Annotator "Bulletin"]
[PlyCount "80"]
[EventDate "1985.03.??"]
[EventType "swiss"]
[EventRounds "9"]
[EventCountry "SUI"]
[SourceTitle "EXT 2000"]
[Source "ChessBase"]
[SourceDate "1999.11.16"]
[SourceVersion "1"]
[SourceVersionDate "1999.11.16"]
[SourceQuality "1"]

1. e4 c5 2. Nf3 d6 3. d4 Nf6 4. Bb5+ Nbd7 5. Nc3 a6 6. Bxd7+ Nxd7 7. O-O (7. d5
b5 8. Bf4) 7... e6 8. Bg5 Qc7 9. Re1 f6 10. Bf4 cxd4 11. Nxd4 Ne5 12. Bg3 g5 $5
13. Nce2 (13. f4 gxf4 14. Bxf4) 13... h5 14. f4 h4 $1 15. fxe5 hxg3 16. exf6 e5
17. Nxg3 (17. Nf5 Qc5+ $19) 17... exd4 18. Qxd4 Kf7 (18... Qc5 19. Qxc5 dxc5
20. e5 Be6 21. Ne4 $13) 19. Qd5+ (19. e5 d5 $1 20. Qxd5+ Be6 {/\ ...Bc5, ...Rh2
}) 19... Be6 20. Qxg5 Bh6 21. Qh5+ Kf8 22. Kh1 Rh7 23. Nf5 Bxf5 (23... Bf4 24.
Ng7 $1 $10 Rxg7 (24... Rxh5 25. Nxe6+ Kf7 26. Nxc7 Rxh2+ 27. Kg1 Rah8 28. Kf2
Rc8 29. Nd5 Rxc2+ 30. Re2) 25. fxg7+ Kxg7 26. Qh4 Be5 27. Qg5+) 24. Qxf5 Re8
25. e5 (25. Rad1 Re5) 25... dxe5 26. Rad1 Bf4 27. h3 Qf7 28. Rd6 Rh5 29. Qg4
Rg5 30. Qh4 Qh5 31. Qf2 Rg3 32. Rd3 (32. Qc5 Kg8 {/\ Kh8,Reg8}) 32... Rxd3 33.
cxd3 Qg6 34. Rf1 Qxd3 35. Qc5+ Kf7 36. Rxf4 exf4 37. Qc7+ Kxf6 38. Qxf4+ Qf5
39. Qd4+ Kf7 40. Qc4+ Kg6 0-1

[Event "YUG Cup"]
[Site "Ulcinj"]
[Date "1998.??.??"]
[Round "7"]
[White "Petronic, Jovan"]
[Black "Pavlovic, Milos"]
[Result "1/2-1/2"]
[WhiteElo "2450"]
[BlackElo "2535"]
[Annotator "Bulletin"]
[PlyCount "129"]
[EventDate "1998.??.??"]
[EventType "team"]
[EventRounds "7"]
[EventCountry "YUG"]
[SourceTitle "EXT 1999"]
[Source "ChessBase"]
[SourceDate "1998.11.16"]
[SourceVersion "1"]
[SourceVersionDate "1998.11.16"]
[SourceQuality "1"]

1. e4 c5 2. Nf3 d6 3. Bb5+ Nd7 4. c4 Ngf6 5. Nc3 g6 6. O-O Bg7 7. d3 O-O 8.
Bxd7 Bxd7 9. h3 a6 10. Bg5 h6 11. Be3 b5 12. Qd2 Kh7 13. Nh2 bxc4 14. dxc4 Bc6
15. f3 Rb8 16. Ng4 h5 17. Nxf6+ Bxf6 18. Rab1 a5 19. Nd5 Bxd5 20. exd5 a4 21.
Bg5 Bxg5 22. Qxg5 e5 23. Qxd8 Rfxd8 24. Rf2 h4 25. Rc2 f5 26. Kf2 Kg7 27. Ke3
Re8 28. Rd1 Kf6 29. Rd3 e4 30. Ra3 Rb4 31. b3 g5 32. fxe4 Rxe4+ 33. Kd3 axb3
34. axb3 Ke5 35. Rc3 Rb7 36. Ra2 f4 37. Re2 Rxe2 38. Kxe2 Ke4 39. Rd3 Re7 40.
Rd2 f3+ $2 41. gxf3+ $1 (41. Kf2 Rf7 $17 (41... Kf4 42. gxf3 Re3 {->game}) (
41... fxg2 $4 42. Re2+ $18)) 41... Kf4+ 42. Kf2 Re3 43. Rb2 $1 (43. b4 $6 Rxf3+
44. Kg2 (44. Ke2 cxb4 45. c5 dxc5 46. d6 Re3+ 47. Kf2 Re8 48. Rd5 g4 49. hxg4
Kxg4 50. Rxc5 $19) 44... cxb4 45. c5 Rg3+ 46. Kh2 dxc5 (46... Ke5 47. c6 $19)
47. d6 b3 48. d7 b2 49. d8=Q b1=Q 50. Rf2+ Ke3 51. Re2+ Kxe2 52. Qd2+ Kxd2 $11)
43... Rxf3+ 44. Kg2 Rg3+ 45. Kh2 Rc3 46. Rf2+ Rf3 (46... Ke4) (46... Ke3) (
46... Ke5) 47. Rb2 Ke3 48. b4 cxb4 49. Rxb4 Rf2+ 50. Kg1 Rc2 51. Rb6 Kf4 52.
Kh1 Rxc4 53. Rxd6 $1 Rd4 (53... Kg3 54. Rc6 $1 $11) 54. Ra6 Rxd5 55. Ra3 Re5
56. Kg2 Re2+ 57. Kg1 Re3 58. Ra4+ Kg3 59. Rg4+ Kxh3 60. Rxg5 Re1+ 61. Kf2 Ra1
62. Rg8 Ra3 63. Kg1 Ra1+ 64. Kf2 Ra4 65. Kg1 1/2-1/2

[Event "Olympiad-23"]
[Site "Buenos Aires"]
[Date "1978.11.06"]
[Round "11"]
[White "Borik, Otto"]
[Black "Tarjan, James Edward"]
[Result "0-1"]
[WhiteElo "2400"]
[BlackElo "2510"]
[Annotator "Byrne/Mednis"]
[PlyCount "62"]
[EventDate "1978.10.25"]
[EventType "team-swiss"]
[EventRounds "14"]
[EventCountry "ARG"]
[SourceTitle "EXT 2000"]
[Source "ChessBase"]
[SourceDate "1999.11.16"]
[SourceVersion "1"]
[SourceVersionDate "1999.11.16"]
[SourceQuality "1"]
[WhiteTeam "Germany"]
[BlackTeam "US of America"]
[WhiteTeamCountry "GER"]
[BlackTeamCountry "USA"]

{Inf.26/436} 1. e4 c5 2. Nf3 d6 3. Bb5+ Nc6 4. O-O Bd7 5. c3 Nf6 6. Re1 a6 7.
Bf1 e5 8. h3 Be7 9. d4 Qc7 10. Nbd2 $6 (10. Na3 $142 b5 11. Nc2 {/\ 12.Bg5, 12.
Ne3}) (10. a4 $5 {/\ Na3+/=}) 10... b5 $11 11. a4 Rb8 12. d5 Na5 13. axb5 axb5
14. b4 Nb7 15. Bb2 $6 (15. Bd3 c4 16. Bc2 {/\ Nf1=}) 15... c4 $1 $15 16. Ra7
O-O 17. Qa1 Qc8 18. Qa6 $6 (18. Be2 Ne8 19. Bd1 Nc7 20. Bc2 $15) 18... Ne8 19.
Ra1 Nc7 20. Qa2 f5 $1 $17 21. exf5 $6 (21. Rd1 $17) 21... Bxf5 22. g4 $6 (22.
Rd1) 22... Bg6 $19 23. Re1 (23. Bg2 Bf7 24. Ne4 Bxd5) 23... Nxd5 24. Nxc4 bxc4
25. Nxe5 (25. Bxc4 Rxf3 26. Bxd5+ Bf7) 25... Bh4 $1 26. Nxg6 Bxf2+ 27. Kh1 hxg6
28. Re4 Ne3 29. Rxc4 Nxc4 30. Bxc4+ Kh7 31. Bd5 Qe8 0-1

[Event "AUT-chT 1213"]
[Site "Austria"]
[Date "2013.03.24"]
[Round "11.1"]
[White "Baramidze, David"]
[Black "Volokitin, Andrei"]
[Result "1-0"]
[WhiteElo "2615"]
[BlackElo "2722"]
[Annotator "CB"]
[PlyCount "65"]
[EventDate "2012.11.02"]
[EventType "team-tourn"]
[EventRounds "11"]
[EventCountry "AUT"]
[SourceTitle "EXT 2014"]
[Source "ChessBase"]
[SourceDate "2013.11.20"]
[SourceVersion "1"]
[SourceVersionDate "2013.11.20"]
[SourceQuality "1"]
[WhiteTeam "Hohenems"]
[BlackTeam "Jenbach"]
[WhiteTeamCountry "AUT"]
[BlackTeamCountry "AUT"]

1. e4 c5 2. Nf3 d6 3. Bb5+ Nd7 4. c3 ({Die Hauptvariante ist} 4. d4 Ngf6 5. Nc3
cxd4 6. Qxd4 e5 7. Qd3 h6 8. Be3 {z.B.:} a6 (8... Be7) 9. Bc4 b5 10. Bb3 Be7
11. a4 b4 12. Nd5 Bb7 13. Nd2 Nxd5 14. Bxd5 Bxd5 15. Qxd5 O-O 16. Nc4 Rc8 17.
O-O Nf6 18. Qd3 d5 19. exd5 e4 20. Qe2 Qc7 21. Nb6 Qxc2 22. Qxa6 Rcd8 23. a5
Qxb2 24. Qb7 Qe5 25. Nc4 Qxd5 26. Qxe7 Qxc4 27. Rfc1 Qb5 28. Qc5 Qa6 29. Qxb4
Nd5 30. Qxe4 Rfe8 31. Qc4 Qa8 32. Bb6 Rc8 33. Qd4 Rxc1+ 34. Rxc1 Nf6 35. h3 Ne4
36. Re1 Nf6 37. Rxe8+ Nxe8 {1-0 (37) Anand,V (2817)-Sasikiran,K (2689) Bastia
2011}) 4... Ngf6 5. Qe2 Qc7 ({Üblicher ist} 5... a6 6. Ba4 b5 7. Bc2 e5 {usw.}
) 6. O-O a6 7. Ba4 c4 ({Oder} 7... e5 8. d4 b5 9. Bc2 cxd4 10. cxd4 Be7 {
mit der spektakulären Partie:} 11. Nc3 O-O 12. Bg5 h6 13. Bh4 Bb7 14. Rad1
Rac8 15. Bb3 Rfe8 16. dxe5 dxe5 17. Bg3 Bf8 18. h3 Nb6 19. Nh4 Nc4 20. Nf5 Nxb2
21. Bh4 Nxd1 22. Bxf6 Nxc3 23. Qg4 Bxe4 24. Nxh6+ Kh7 25. Bxf7 Qxf7 26. Nxf7
gxf6 27. f4 Bg6 28. Qh4+ Kg7 29. fxe5 Ne4 30. Rxf6 Bc5+ 31. Kh2 Nxf6 32. Qxf6+
Kh7 33. Ng5+ Kh6 34. Ne6 Rxe6 35. Qxe6 Re8 36. Qf6 Be7 37. Qxa6 b4 38. Qc4 Bf8
39. g4 Kh7 40. e6 Bd6+ 41. Kg2 Be7 42. Qc7 Kg8 43. Kg3 Kf8 44. Qf4+ Kg7 45.
Qd4+ Kg8 46. h4 Rd8 47. Qc4 Bd3 48. Qc6 Bb1 49. h5 Bxa2 50. Qe4 Kh8 51. h6 Bf6
52. e7 Re8 53. Qf4 Bg7 54. hxg7+ Kxg7 55. g5 Kg8 56. Qf6 {1-0 (56) Carlsen,M 
(2835)-Topalov,V (2770) Wijk aan Zee 2012}) 8. Bc2 e6 ({Auch hier wird
alternativ} 8... e5 {gespielt.}) 9. b3 (9. a4 {wurde auch schon probiert:} Be7
10. Na3 d5 11. exd5 exd5 12. d3 cxd3 13. Bxd3 Nc5 14. Bg5 O-O 15. Nc2 Bg4 16.
Ncd4 Rfe8 17. Qc2 Nfe4 18. Bxe7 Rxe7 19. Rfe1 Nxd3 20. Qxd3 Rae8 21. h3 Bd7 22.
Qc2 a5 23. Re2 g6 24. Rae1 Kf8 25. Qb3 Qc5 26. Re3 b6 27. Qc2 Qd6 28. R3e2 Qf6
29. Re3 h6 30. R3e2 g5 31. Re3 Nc5 32. Rxe7 Rxe7 33. Rxe7 Qxe7 34. b3 Kg7 35.
Qd1 Qe4 36. Ne1 Kg6 37. Nef3 f6 38. Kh2 Nd3 39. Kg1 Nf4 40. Kh2 h5 41. Qf1 Qd3
42. Qe1 Kf7 43. Qc1 h4 44. Qe1 Bc8 45. Qc1 Bd7 46. Qe1 Kf8 47. Qc1 Ke8 48. Qe1+
Kd8 49. Qc1 Kc7 {0-1 (49) Sergienko,S (2417)-Fedorov,A (2599) St Petersburg
2010}) 9... b5 10. Na3 Nb6 11. d4 d5 ({Naheliegender war} 11... cxd3 12. Bxd3
Bb7 $11) 12. exd5 (12. bxc4 $5) 12... Nfxd5 13. bxc4 bxc4 (13... Nxc3 $6 14.
Qe1) 14. Ne5 Bd6 (14... Nxc3 15. Qf3 Bb4 16. Naxc4 Bb7 17. Qxf7+ Qxf7 18. Nxf7
Kxf7 19. Nxb6 Rad8 $11) 15. Naxc4 Nxc4 16. Nxc4 Bxh2+ {Das war die schwarze
Idee.} 17. Kh1 O-O $2 {Wie sich herausstellen wird, kann sich Schwarz das
nicht leisten.} ({Auf} 17... Bd6 {käme} 18. Nxd6+ Qxd6 19. c4 $18 {z.B.:} Nf6
20. Qf3 Ra7 21. Ba3) ({Richtig war} 17... Bb7 18. Bd2 Bf4 $11) 18. g3 {Weiß
lässt es sich zeigen.} Bxg3 19. fxg3 Qxg3 {Wenn Schwarz nun zu Lb7 käme,
wäre alles gut. Doch das schafft er nicht mehr.} 20. Rg1 Qh3+ 21. Qh2 Qf3+ 22.
Rg2 {Nun muss Schwarz erst einmal das Matt auf h7 decken.} g6 ({Nach} 22...
Qf1+ 23. Qg1 Qxg1+ 24. Kxg1 {verbleibt Weiß mit einer Minusfigur im Endspiel.}
) 23. Bh6 $1 (23. Bd2 $18) 23... Qxc3 24. Rag1 Qxc4 {Lieber ein Ende mit
Schrecken als ein Schrecken ohne Ende, sagt sich Schwarz.} 25. Qe5 $1 f6 26.
Bxg6 hxg6 (26... fxe5 27. Bh5+ Kh8 28. Bg7+ Kg8 29. Bf6#) 27. Rxg6+ Kf7 28. Qd6
Qb4 (28... Re8 29. Rg7#) 29. Rxf6+ (29. Qc6 Ke7 30. Bxf8+ Kxf8 31. Rg8+ Ke7 32.
R1g7#) 29... Kxf6 30. Rf1+ Kg6 31. Qg3+ Kxh6 32. Rg1 Nf4 33. Qg5+ (33. Qh4+ Nh5
34. Qg5+ Kh7 35. Qxh5#) 1-0

[Event "USA-ch U20"]
[Site "Saint Louis"]
[Date "2016.07.14"]
[Round "6"]
[White "Ostrovskiy, Aleksandr A"]
[Black "Troff, Kayden W"]
[Result "0-1"]
[WhiteElo "2372"]
[BlackElo "2543"]
[Annotator "CB"]
[PlyCount "90"]
[EventDate "2016.07.08"]
[EventType "tourn"]
[EventRounds "9"]
[EventCountry "USA"]
[EventCategory "9"]
[SourceTitle "CBM 173 Extra"]
[Source "ChessBase"]
[SourceDate "2016.08.29"]
[SourceVersion "1"]
[SourceVersionDate "2016.08.29"]
[SourceQuality "1"]
[WhiteClock "0:06:52"]
[BlackClock "0:33:29"]

1. e4 c5 2. Nf3 d6 3. Bb5+ Nd7 4. d4 $5 {The first surprise! Ostrovskiy opted
for} (4. O-O a6 5. Bd3 {Against both Bodek and Xiong}) 4... cxd4 5. Qxd4 a6 6.
Bxd7+ Bxd7 7. c4 Nf6 8. Bg5 e6 9. Nc3 Rc8 $146 {A new move, previously Black
did fine after} (9... Be7 10. O-O Bc6 11. Rfe1 O-O 12. Rad1 Qc7 13. Bxf6 Bxf6
14. Qxd6 Qb6 15. Qa3 Rfd8 $44 {Jianu,V - Wojtaszek,R Yerevan ARM 2014}) 10. O-O
h6 11. Bh4 $6 (11. Bxf6 Qxf6 (11... gxf6 12. Qd3 $14) 12. e5 $1 {Would have
been better for White, after} dxe5 13. Nxe5 Bc6 14. Rad1 $16 {Black is too
underdeveloped to deal with the threats of Nxc6 and Nxe4}) 11... Qc7 $6 {
Objectively not correct, but interesting!} (11... g5 $1 12. Bg3 e5 $1 {Would
have been a thematic way to play against the g3 Bishop. After} 13. Qd3 Be7 {
The position is unclear.}) 12. Bxf6 gxf6 13. Qxf6 Rg8 14. Nd2 Qb6 15. Nd5 $5 {
Ostrovskiy prefers to play with the initiative rather than consolidate his
position!} (15. Rab1 Bg7 16. Qf3 Be5 17. g3 $16 {Should be better for White.})
15... exd5 16. exd5 Be7 17. Rfe1 Qd8 18. Re3 Kf8 19. Qxh6+ Rg7 {Black has
defended perfectly and Ostrovskiy was already low on time at this point.} 20.
Qh8+ Rg8 21. Qh6+ Rg7 22. Rae1 $6 {Troff later explained he did not expect his
opponent to keep the game going. Objectively, White should have indeed opted
for the perpetual check.} Bg5 23. Qxd6+ Kg8 {White has 4 pawns for the Bishop,
but Black is bound to win material back.} 24. f4 Rg6 25. Qe5 Bf6 26. Qe4 Qb6 {
Threatening Bd4} 27. Nb3 Bxb2 $6 {Logical but wrong, instead} (27... a5 $1 28.
c5 Qb5 $1 {With the idea of a4, would have destabilized the White Knight after
which White's c-pawn falls.}) 28. c5 Qf6 29. Qb4 $1 {Attacking b7, White gets
serious counterplay now.} Qf5 30. Qxb7 {Too cautious} Rf8 (30... Bb5 {Would
have been stronger, Black introduces the idea of Qc2}) 31. d6 a5 32. R3e2 Bg7
33. c6 Bc8 34. Qe7 $1 {Qxf8+!? can be an important resource once the d-pawn
advances to d7.} Ba6 35. Rf2 Bf6 (35... Bb5 $1 36. d7 Bf6 $17 {And Black can
control the pawns.}) 36. Qe4 Qxe4 37. Rxe4 Bc3 38. Nc5 $4 {Playing on the 30
second increment, Ostrovskiy now makes the final mistake.} (38. Rc2 $1 Bb4 39.
d7 {Threatening Re8 and Nc5, Troff would have no resources left to stop the
pawns.}) 38... Rxd6 39. Rc2 (39. Nxa6 {Must have been what Ostrovskiy was
counting on, but after} Rxc6 40. Rc2 Bd4+ $1 {Black is winning as the Knight
on a6 is still trapped, for example:} 41. Rxd4 Rxc2 42. a4 Rc6 $19) 39... f5 $1
40. Rxc3 fxe4 41. Nxa6 e3 $1 42. Kf1 Rc8 {The White Knight is too misplaced to
hold on.} 43. Rxe3 (43. Ke2 Rdxc6 44. Rxc6 Rxc6 45. Nb8 Rc2+ 46. Kxe3 Rxa2 {
And the a-pawn will be unstoppable, whilst White will lose another pawn on the
Kingside too.}) 43... Rdxc6 44. Nb4 axb4 45. a3 Rc3 {And Ostrovskiy called it
a day. By no means a perfect game by Kayden, but once the players reached a
highly complicated middlegame whilst both being low on time, it was the
18-year-old GM who handled the nerves better.} 0-1

[Event "Zug FIDE GP"]
[Site "Zug"]
[Date "2013.04.20"]
[Round "3"]
[White "Kamsky, Gata"]
[Black "Topalov, Veselin"]
[Result "1/2-1/2"]
[WhiteElo "2741"]
[BlackElo "2771"]
[Annotator "CB"]
[PlyCount "114"]
[EventDate "2013.04.18"]
[EventType "tourn"]
[EventRounds "11"]
[EventCountry "SUI"]
[EventCategory "21"]
[SourceTitle "CBM 154"]
[Source "ChessBase"]
[SourceDate "2013.05.15"]
[SourceVersion "1"]
[SourceVersionDate "2013.05.15"]
[SourceQuality "1"]

1. e4 c5 2. Nf3 d6 3. Bb5+ Nd7 4. c3 Ngf6 5. Qe2 a6 6. Ba4 b5 7. Bc2 e5 8. O-O
Be7 9. d4 cxd4 10. cxd4 O-O 11. Nc3 Bb7 12. a3 Rc8 13. Rd1 exd4 14. Rxd4 Re8
15. Bg5 Qc7 16. Re1 Nf8 17. Qd1 Ne6 18. Rd2 Nxg5 19. Nxg5 Qc5 20. Nf3 Bf8 21.
h4 h6 22. Rd4 Qa7 23. Bb3 Rc5 24. Qd2 Qa8 25. Qf4 Qc8 26. Red1 a5 27. Nh2 Rxc3
28. bxc3 Rxe4 29. Rxe4 Bxe4 30. Qd2 d5 31. a4 Bc5 32. Kf1 $2 (32. Qf4 {was
needed.}) 32... bxa4 33. Bxa4 Qc7 34. g3 Qc8 $2 (34... Qe5 35. Bb5 Qf5 36. Ke1
Bg2 {gave Black excellent winning chances.}) 35. f3 Bf5 36. g4 Be6 37. Kg2 Bd6
38. Qd4 Qc7 39. Nf1 Be5 40. Qd3 Qxc3 41. Qxc3 Bxc3 42. Ng3 Kf8 43. g5 hxg5 44.
hxg5 Ne8 45. Ne2 Bb4 46. Nf4 Nd6 47. Kh1 Nc4 48. Bc6 Bd2 49. Bxd5 Bxf4 50. Bxe6
fxe6 51. Rd4 Bxg5 52. Rxc4 Ke7 53. f4 Bf6 54. Rc5 a4 55. Ra5 a3 56. Rxa3 g5 57.
fxg5 Bxg5 1/2-1/2

[Event "USA-ch U20"]
[Site "Saint Louis"]
[Date "2016.07.09"]
[Round "2"]
[White "Ostrovskiy, Aleksandr A"]
[Black "Bodek, Michael H"]
[Result "1/2-1/2"]
[WhiteElo "2372"]
[BlackElo "2408"]
[Annotator "CB"]
[PlyCount "42"]
[EventDate "2016.07.08"]
[EventType "tourn"]
[EventRounds "9"]
[EventCountry "USA"]
[EventCategory "9"]
[SourceTitle "CBM 173 Extra"]
[Source "ChessBase"]
[SourceDate "2016.08.29"]
[SourceVersion "1"]
[SourceVersionDate "2016.08.29"]
[SourceQuality "1"]
[WhiteClock "0:19:09"]
[BlackClock "0:37:03"]

1. e4 c5 2. Nf3 d6 3. Bb5+ Nd7 4. O-O Ngf6 5. Re1 a6 6. Bd3 {Beginners are
usually taught not to put the Bishop on a square like d3 so early on, as it
blocks the d2 pawn and White's overall development. Here White breaks the
rules in order to maneuver his Bishop to c2 after c3.} b5 7. c4 $1 {This move
has proven to be dangerous, the main reason White switches gears is that c3
can now be tackled by Black going c4, tackling the plan of d2-d4.} g5 $5 {
Black's most agressive option. The Knight on f3 is lured away in order to win
c4 pawn.} 8. Nxg5 Ne5 9. Bf1 $5 {A new way of playing that suprised Michael,
previous games all saw Be2.} bxc4 10. d4 $1 {White returns the pawn to speed
up the development of his pieces.} cxd3 11. f4 Neg4 $6 {An admirable decision,
Black is aiming to sacrifice the Knight in order to compromise the White
King's safety.} 12. h3 $2 {Tempting but not best, this is playing into Black's
hands. Instead the simple:} (12. Qxd3 {Would have been better for White as} c4
{can be answered by} 13. Qd4 $1 {Defending against Queen b6 check.}) 12... c4
$1 13. hxg4 Nxg4 14. Nh3 $5 {Surprisingly, this was the only way to keep the
game going. The logical} (14. Qa4+ {Would have led to an immediate draw by
perpetual check, after:} Bd7 15. Qxc4 Qb6+ 16. Kh1 Nf2+ 17. Kh2 Ng4+ 18. Kh1 {
The White King can't escape} (18. Kg3 $4 Qf2+ {and White loses.}) 18... Nf2+
$11) 14... Bg7 15. Kh1 Bd4 (15... Bd7 {followed by a calm Rc8, would have
granted Black great compensation.}) 16. Qf3 (16. Nd2 {Attacking the important
c4 pawn, was a good alternative.}) 16... Qa5 {Attacking the Rook and planning
to shift the Queen over to the Kingside.} 17. Bd2 Qh5 18. Bc3 {Virtually
forced, White wants to trade off the well placed d4 Bishop.} Nf2+ $1 {The same
pattern works again, and Black is able to draw by perpetual check.} 19. Kh2
Ng4+ 20. Kh1 Nf2+ 21. Kh2 Ng4+ {A short but spectacular game. The engines were
merciless in their evaluation of 11...Neg4, but nonetheless it was an
impressive early-game sacrifice on Michael Bodek's part. We're excited to see
what more the 18 year old native of Rochelle, NY has in store for us!} 1/2-1/2

[Event "Thessaloniki FIDE GP"]
[Site "Thessaloniki"]
[Date "2013.05.25"]
[Round "4"]
[White "Topalov, Veselin"]
[Black "Ivanchuk, Vassily"]
[Result "1-0"]
[WhiteElo "2793"]
[BlackElo "2755"]
[Annotator "CB"]
[PlyCount "41"]
[EventDate "2013.05.22"]
[EventType "tourn"]
[EventRounds "11"]
[EventCountry "GRE"]
[EventCategory "21"]
[SourceTitle "CBM 155"]
[Source "ChessBase"]
[SourceDate "2013.07.16"]
[SourceVersion "1"]
[SourceVersionDate "2013.07.16"]
[SourceQuality "1"]

1. e4 c5 2. Nf3 Nc6 3. Bb5 d6 4. O-O Bd7 5. Re1 Nf6 6. c3 a6 7. Bf1 Bg4 {
Das ist die Hauptvariante, wenn Schwarz auf 3.Lb5 mit 3...d6 und 4...Ld7
reagiert.} 8. h3 ({Die Alternative ist} 8. d3 {z.B.:} e6 9. Nbd2 Be7 10. h3 Bh5
11. g4 Bg6 12. Nh4 Nd7 13. Ng2 h5 14. f4 hxg4 15. hxg4 Qc7 16. Nf3 O-O-O 17.
Ne3 Nb6 18. Nc4 Nxc4 19. dxc4 f5 20. exf5 exf5 21. g5 Bf7 22. Qc2 g6 23. Qf2 d5
24. cxd5 Bxd5 25. Be3 Bxg5 26. Qg3 Be7 27. Bg2 g5 28. Nxg5 Bxg5 29. Bxd5 Rxd5
30. Qxg5 Qf7 31. Kf2 Rh2+ 32. Kf1 Rd8 33. Qg3 Qc4+ 34. Kg1 Rxb2 {0-1 (34)
Anand,V (2791) -Carlsen,M (2776) Nice 2009}) 8... Bh5 ({Noch öfter wird} 8...
Bxf3 {gespielt:} 9. Qxf3 g6 10. Qd1 Bh6 11. a4 d5 12. exd5 Nxd5 13. d3 Bxc1 14.
Qxc1 O-O 15. Nd2 Qc7 16. Ne4 b6 17. Qh6 f6 18. d4 cxd4 19. Bc4 e6 20. Ng5 fxg5
21. Rxe6 Ncb4 22. cxb4 Qxc4 23. Rxg6+ hxg6 24. Qxg6+ Kh8 25. Qh6+ Kg8 26. Qg6+
{1/2-1/2 (26) Jones,G (2644)-Shirov,A (2708) England 2013}) 9. d4 ({Oder} 9. d3
e6 10. g4 Bg6 11. Nh4 Nd7 12. g5 e5 13. Qg4 Be7 14. Nf5 Bxf5 15. exf5 h6 16. h4
hxg5 17. hxg5 f6 18. Nd2 fxg5 19. Ne4 Nf6 20. Qxg5 O-O 21. Qg6 Qe8 22. Bg2 Qxg6
23. fxg6 Nh5 24. Ng3 Nf4 25. Bxf4 Rxf4 26. Bd5+ Kf8 27. Kg2 Bf6 28. Re4 Ne7 29.
Bf7 Rxe4 30. dxe4 Bg5 31. Rh1 Bh6 32. Kf3 b5 33. Kg4 a5 34. a3 a4 35. Nh5 b4
36. cxb4 cxb4 37. axb4 Rb8 38. Nf6 gxf6 39. Rxh6 Rxb4 40. Rh8+ Kg7 41. Rh7+ Kf8
42. f3 Rxb2 43. Rh8+ Kg7 44. Rh7+ Kf8 45. Kg3 a3 46. Rh8+ Kg7 47. Rh7+ Kf8 48.
Rh8+ Kg7 49. Rh7+ Kf8 50. Rh8+ Kg7 51. Rh7+ {1/2-1/2 (51) Rublevsky,S (2702)
-Ivanchuk,V (2786) Almaty 2008}) 9... Bxf3 10. gxf3 cxd4 11. cxd4 d5 ({Gut
spielbar ist} 11... e5 {z.B.:} 12. d5 Nd4 13. Be3 Nd7 14. Nd2 Qf6 15. Bg2 g6
16. f4 Nb5 17. fxe5 dxe5 18. a4 Nd6 19. Rc1 h5 20. Qb3 Bh6 21. Nc4 Rb8 22. Qb4
Bf8 23. Qd2 Be7 24. Nxd6+ Qxd6 25. Rc2 O-O 26. Rec1 Kh7 27. Qe2 Bd8 28. Rc4 Bb6
29. Bd2 Qf6 30. a5 Bd4 31. Be3 Bxe3 32. Qxe3 Qd6 33. Rc7 Nf6 34. Qa3 Ne8 35.
Re7 {0-1 (35) Al Modiahki,M (2572)-Sasikiran,K (2661) Macau 2007}) 12. Nc3 e6
13. Bg5 Be7 14. Bxf6 Bxf6 15. exd5 Nxd4 16. Re4 Qb6 17. dxe6 Qc5 $2 {Wirft die
Partie einzügig fort.} ({Völlig OK für Schwarz ist} 17... Nxe6 18. Nd5 Qd8
19. Qa4+ b5 20. Nxf6+ gxf6 21. Qb4 f5 22. Ree1 Rg8+ 23. Kh1 Qd5 24. Qc3 Rd8 25.
Re5 Qd2 26. Qxd2 Rxd2 27. Re2 Rd4 $15 {0-1 (89) Sadykov,R (2255)-Savina,A 
(2392) Izhevsk 2010}) 18. e7 {Nach diesem Zug bricht die schwarze Stellung
bemerkenswert schnell zusammen.} ({Weniger kräftig ist} 18. exf7+ Kxf7 19. Na4
Qg5+ 20. Rg4 Qd5 $14) 18... h5 (18... Ne6 19. Nd5 Bd4 20. Qa4+ b5 21. Bxb5+
Qxb5 22. Rxd4 $18) (18... Nf5 19. Qa4+ $18) 19. Rc1 Rh6 20. Kh1 Rg6 (20... Qa7
21. Nd5 $18) 21. Ne2 1-0